000 00558nam a2200169Ia 4500
008 090201s9999 xx 000 0 und d
010 _aKPL-9387
040 _bमराठी
041 _aमराठी
082 _a42094
_b9387
100 _aसेतुमाधवराव पगडी
245 _aमराठे व औरंगजेब
_cसेतुमाधवराव पगडी
260 _c2004
_bज्ञानराज
300 _a153
_bमोठा
600 _aमराठे व औरंगजेब
942 _cBOOK
999 _c239256
_d239256